00477nam a22001577a 450000500170000001000150001702000260003203500130005803700130007108200120008424500590009626000580015527000250021330000310023850000500026920100814145157.0 aENG-100530 a9788170588924c550.00 aEN-84063 bDBAD/PUB a720.954 aSri aurobindo ashram the story of the main building / aPondicherry bSri Aurobindo Ashram Publicationc2008 bPondicherry e605002 aIX, 184P.:billc21cm (Hb) aIncludes bibliographical references and index